แสดงรายละเอียดบรรณานุกรม
  กลับหน้าหลัก

Brief Record : Get Marc (ISO 2709) : E-mail record : QR code ปิดหน้าต่าง
E-books : เกี่ยวกับ Collections
LEADER 00000nama 2200000uu 4500
001    194801
003     ULIBM
008    040531s|||| th m m a000 0 tha d
041    tha
050    WY154 อ871 2546
245    เอกสารการประกอบการประชุมวิชาการการบริการทางการแพทย์ฉุกเฉิน=Emergency Medical Service : EMS/วิทยาลัยสาธารณสิขสิรินธร จังหวัดขอนแก่น.
260    ขอนแก่น. วิทยาลัยสาธารณสุขสิรินธร จังหวัดขอนแก่น. 2546.
300    206 หน้า.
500    วันที่27-29 สิงหาคม 2546 ณ ห้องศรีจันทร์ โรงแรมเจริญธานีปริ๊นเซส จังหวัดขอนแก่น
650    1.การพยาบาลฉุกเฉิน 2.บริการทางการแพทย์.
995    001
รายการนี้ยังไม่มีแท็ก
คุณยังไม่ได้ล็อกอิน คุณสามารถมีกิจกรรมร่วมกับเว็บไซต์ได้ แต่ต้องล็อกอินก่อน ::
  ล็อกอิน
ลำดับที่ ประเภท เลขเรียก สถานที่ สถานะ
- ไม่พบข้อมูล -
   [แสดง 1/1 รายการ]

BibComment


ยังไม่เคยถูกคอมเมนท์

คอมเมนท์ทรัพยากรรายการนี้
  คอมเมนท์: เอกสารการประกอบกา..
Bib 194801

 
 
 

 Union Library Management : ULibM
Copyright 2026. All Rights Reserved.
скачать бесплатно без регистрации порно красивый секс HD Sex Hindi sex

xxx gou

xxxx

bfxxx

xxxwww

Секса Видео

xxxx

Секса Видео

detube

geilexxx

C99 Shell

worms shell

blod xxx video
Ebony Coed Rihanna Rimes Takes A Dick In Her Young Twat priyaa indian fuck anal and pusssy hardcore indian women xxx desi hardcore fucking part 1 bengalixxxcouple